=LDR 00000nam 2200000 4500 =001 INLIS000000000008758 =005 20130612100604 =008 ***********************************Ind** =035 ##$$0010-061300000008758 =041 ##$$a Ind =082 ##$$a 373.230 76 =090 ##$$a 373.230 76, Per P =245 ##$$a Persiapan Menghadapi Ujian Akhir Nasional SLTP 2003 =260 ##$$a 2002 $b bandung =300 ##$$a 328 hlm, Ilus, 21 cm =650 ##$$a Pendidikan SLTP-Tes dan Evaluasi =850 ##$$a NBPNMAT